Építők napja elkészült az ötezredik új lakás : ma ünnepi nagygyűlést tartanak az építők
Elmentve itt :
| Dokumentumtípus: | Cikk |
|---|---|
| Megjelent: |
1965-06-06
|
| Sorozat: | Délmagyarország
55 No. 132 |
| Kulcsszavak: | Építőipar Szeged 1965, Építők napja ünnepség 1965, építőipar |
| Online Access: | http://dmarchiv.bibl.u-szeged.hu/66149 |
| LEADER | 00532nab a2200145 i 4500 | ||
|---|---|---|---|
| 001 | delm66149 | ||
| 005 | 20180927151332.0 | ||
| 008 | 180927s1965 hu o 0|| hun d | ||
| 040 | |a SZTE Délmagyarország Archívum |b hun | ||
| 041 | |a hun | ||
| 245 | 0 | 0 | |a Építők napja |h [elektronikus dokumentum] : |b elkészült az ötezredik új lakás : ma ünnepi nagygyűlést tartanak az építők |
| 260 | |c 1965-06-06 | ||
| 300 | |a 3 | ||
| 490 | 0 | |a Délmagyarország |v 55 No. 132 | |
| 695 | |a Építőipar Szeged 1965, Építők napja ünnepség 1965, építőipar | ||